000 01171nam0a22002651 4500
001 rc\2947562
005 20250806210311.0
035 _a(NLR Aleph) 007095539
090 _a54407
_c54407
100 _a20110829d1943 u y0rusy50 ca
101 0 _arus
102 _aRU
105 _ay z |||||
200 1 _aПриготовление стекольных замазок на каменно-угольных дегтях и древесных смолах
210 _a[Москва]
_cСтройиздат
_d1943
215 _a4 с. Без обл. и тит. л.
_d19 см
225 1 _aИзобретения и технические усовершенствования
_fНар. ком. по строит-ву СССР. Тех. упр. Бюро по делам изобретательства
712 0 1 _aСССР
_bНародный комиссариат по строительству
_bТехническое управление
_4570
801 0 _aRU
_bNLR
_gpsbo
801 1 _aRU
_bELAR
_2rusmarc
852 _aNLR
_bПт
_j02 Г-2/6
942 _cBOOK
945 _aРоссийская национальная библиотека
980 _aNB
980 _aBV